Born in Illinois Quiz Stats

Quiz Updated Oct 25, 2015

Also try: Born in Michigan
Challenge
Share
Tweet
Score 0/20 Timer 05:00
1 Play Today
% Correct
Hillary Clinton
97.8%
Robin Williams
96.3%
Michelle Obama
96.1%
Ronald Reagan
94.8%
Harrison Ford
93.3%
Mr. T
92.7%
Betty White
90.1%
Bill Murray
88.5%
John Belushi
75.5%
Hugh Hefner
70.6%
% Correct
John Cusack
66.5%
Richard Pryor
65.6%
Cindy Crawford
62.8%
Kathy Griffin
57.9%
Walt Disney
56.3%
Jane Lynch
52.3%
Calista Flockhart
51%
Gillian Anderson
49.4%
Ernest Hemingway
49.3%
Isiah Thomas
40%

You're not logged in!

Compare scores with friends on all Sporcle quizzes.
Sign Up with Email
OR
Log In

You Might Also Like...

Show Comments

Extras

Top Quizzes Today


Score Distribution

Your Account Isn't Verified!

In order to create a playlist on Sporcle, you need to verify the email address you used during registration. Go to your Sporcle Settings to finish the process.